书目信息 |
| 题名: |
马克思主义著作选读介绍
|
|
| 作者: | 图拉古尔 主编 | |
| 分册: | ||
| 出版信息: | 呼和浩特 内蒙古大学出版社 1989.12 |
|
| 页数: | 613页 | |
| 开本: | 20厘米 | |
| 丛书名: | ||
| 单 册: | ||
| 中图分类: | A85 | |
| 科图分类: | 08.5 | |
| 主题词: | 马列著作研究--师范大学--教材 | |
| 电子资源: | ||
| ISBN: | 7-81015-062-6 | |
| 000 | 00735nam0 2200241 45 | |
| 001 | 0191026754 | |
| 005 | 20070925170234.60 | |
| 010 | @a7-81015-062-6@dCNY5.50 | |
| 100 | @a19911115d1989 em y0chiy0121 ea | |
| 101 | 0 | @achi |
| 102 | @aCN@b150000 | |
| 105 | @ay z 000yy | |
| 200 | 10 | @a马克思主义著作选读介绍@AMA KE SI ZHU YI ZHU ZUO XUAN DU JIE SHAO@f图拉古尔主编@FTU LA GU ER ZHU BIAN |
| 210 | @a呼和浩特@c内蒙古大学出版社@d1989.12 | |
| 215 | @a613页@d20厘米 | |
| 300 | @a“三北”地区高师政教专业系列教材 | |
| 540 | 1 | @a马克思主义@AMA KE SI ZHU YI |
| 606 | @a马列著作研究@x师范大学@x教材 | |
| 690 | @aA85 | |
| 692 | @a08.5 | |
| 701 | 0 | @a图拉古尔@ATU LA GU ER@4主编 |
| 801 | 0 | @aCN@bTSSF@c20070925 |
| 905 | @a10447@dA85@e4 | |
| 马克思主义著作选读介绍/图拉古尔主编.-呼和浩特:内蒙古大学出版社,1989.12 |
| 613页;20厘米 |
| “三北”地区高师政教专业系列教材 |
| ISBN 7-81015-062-6:CNY5.50 |
| ● |
| 相关链接 |
|
|
|
|
正题名:马克思主义著作选读介绍
索取号:A85/4
 
预约/预借
| 序号 | 登录号 | 条形码 | 馆藏地/架位号 | 状态 | 备注 |
| 1 | 0609645 | 206096455 | 密集书库/ [索取号:A85/4] | 在馆 | |
| 2 | 0645183 | 206451837 | 第一样本阅览室/ [索取号:A85/4] | 在馆 |